| Tag |
First Indicator |
Second Indicator |
Subfields |
| LEADER |
00000cim a2200000Ia 4500 |
| 001 |
in00002727621 |
| 005 |
20151202144207.0 |
| 007 |
sd fungnn|||ee |
| 008 |
111110s2007 txunnnn t n spa d |
| 035 |
|
|
|a (OCoLC)ocn760225023
|
| 035 |
|
|
|a (OCoLC)760225023
|
| 040 |
|
|
|a TXA
|c TXA
|d UtOrBLW
|
| 043 |
|
|
|a s-ag---
|
| 049 |
|
|
|a TXAM
|
| 090 |
|
|
|a PQ7081.A1
|b C54 2007 no. 154
|
| 100 |
1 |
|
|a Peyrou, Oscar,
|d 1945-
|e interviewee.
|
| 245 |
1 |
0 |
|a Oscar Peyrou.
|n [1] :
|b [interview].
|
| 264 |
|
1 |
|a [Place of publication not identified] :
|b [publisher not identified] ;
|c [2007]
|
| 300 |
|
|
|a 1 sound disc :
|b digital ;
|c 4 3/4 in.
|
| 336 |
|
|
|a spoken word
|b spw
|2 rdacontent
|
| 337 |
|
|
|a audio
|b s
|2 rdamedia
|
| 338 |
|
|
|a audio disc
|b sd
|2 rdacarrier
|
| 490 |
1 |
|
|a Colección Los Palabristas ;
|v 154
|
| 511 |
0 |
|
|a Interviewer, Esteban Peicovich ; interviewee, Oscar Peyrou.
|
| 500 |
|
|
|a Recordable compact disc.
|
| 518 |
|
|
|a Originally broadcast from Buenos Aires, Argentina as a segment of the radio program Los Palabristas.
|
| 520 |
|
|
|a Esteban Peicovich talks to Oscar Peyrou who was born in Buenos Aires, Argentina. They talk about Peyrou's writings which are unique and provocative to many men and women in Latin America. Peyrou talks about his relationship with Jorge Luis Borges, a really important writer from Argentina and talks about his uncle Manuel Peyrou, who was a really close friend of Borges. He says that Borges and Manuel were his mentors and teachers since his early years
|
| 534 |
|
|
|p Reproduction.
|a Peyrou, Oscar, 1945-
|t Oscar Peyrou.
|c [199?]
|e 1 sound cassette : analog.
|
| 500 |
|
|
|a Converted with permission from sound cassette to compact disc by the Texas A&M University Libraries.
|
| 500 |
|
|
|a Sound recording.
|
| 600 |
1 |
0 |
|a Peyrou, Oscar,
|d 1945-
|v Interviews.
|
| 600 |
1 |
0 |
|a Borges, Jorge Luis,
|d 1899-1986.
|
| 600 |
1 |
0 |
|a Peyrou, Manuel.
|
| 650 |
|
0 |
|a Authors, Argentine
|v Interviews.
|
| 655 |
|
7 |
|a Radio interviews.
|2 lcgft
|
| 700 |
1 |
|
|a Peicovich, Esteban,
|e host,
|e interviewer.
|
| 710 |
2 |
|
|a Texas A & M University.
|b Libraries.
|
| 730 |
0 |
|
|a Palabristas.
|
| 830 |
|
0 |
|a Colección Los Palabristas ;
|v 154.
|
| 948 |
|
|
|a cataloged
|b h
|c 2011/11/10
|d o
|e jgreene
|f 3:48:07 pm
|
| 994 |
|
|
|a C0
|b TXA
|
| 999 |
|
|
|a MARS
|
| 999 |
f |
f |
|s f43dfd3c-544e-3f1e-808b-521457dee775
|i e822f2ec-e0a3-3b0b-9df3-01daaf9de8b6
|t 0
|
| 952 |
f |
f |
|p noncirc
|a Texas A&M University
|b College Station
|c Cushing Memorial Library & Archives
|d Cushing: Area Studies/Hispanic (Does not check out)
|t 0
|e PQ7081.A1 C54 2007 no. 154
|h Library of Congress classification
|i audio -- audio disc
|m A14837855899
|
| 998 |
f |
f |
|a PQ7081.A1 C54 2007 no. 154
|t 0
|l Cushing: Area Studies/Hispanic (Does not check out)
|